Quizzes
Events
Quiz Creation
Community
Videos
Private Events
Remove Ads
Sign In
Join for FREE
Feedback
Dark Mode
Quiz Categories
Sports
Geography
Music
Movies
Television
Just For Fun
Miscellaneous
History
Literature
Language
Science
Gaming
Entertainment
Religion
Holiday
For Kids
Quiz Lab
Recent
Popular Today
Quiz Kudos Today
Editor Picks
Curator Picks
Quizzes by...
Day
Popularity
Type
Ratings
Length
Year
Community
Subscriptions
Recent Discussions
Orange Saloon
Badges
Playlists
Quests
Create
Leaderboards
Showdown
Live 5
Trivia Bingo
Activity
Puzzle Library
Sporcle Events
Private Events
Virtual Trivia
Globe League
Become a Host
Pub Owners
SporcleCon
Opinionation
Our Games
Videos
Blog
Mobile Apps
Partnerships
Remove Ads and Go Orange
Feedback
Sports
Athletes
MLB
NBA
NHL
NFL
Soccer
Sports Teams
WWE
NCAA
Football
Premier League
Basketball
Baseball
Hockey
Golf
Tennis
Cricket
Rugby
Auto Racing
Olympics
World Cup
Sports
Athletes
MLB
NBA
NHL
NFL
Soccer
Sports Teams
WWE
NCAA
Football
Premier League
Basketball
Baseball
Hockey
Golf
Tennis
Cricket
Rugby
Auto Racing
Olympics
World Cup
Random Quiz
Search Sporcle
×
Quiz Lab
Quiz Lab
Sports
All-American
Type in answers that appear in a list
Type in answers that appear in a list
Classic
Best Score? Go Orange.
McDonald's All-Americans 1994-2001 Stats
Can you name the McDonald's All-Americans from 1994 to 2001?
By
shiftyeyedog
20m
183 Questions
328 Plays
328 Plays
328 Plays
Comments
Comments
Give Quiz Kudos
Give Quiz Kudos
-
- Ratings
hide this ad
More Info
Replay
Link that replays current quiz
Next Quiz
Link to next quiz in quiz playlist
You Got
0%
They Got
Avg Score
48%
Avg Friend Score
Upgrade to see
Score Distribution
Jump to the score distribution portion of the page
Score
0/183
Timer
20:00
0
Plays Today
year
% Correct
1999
Jay Williams
89%
1998
Frank Williams
87.5%
2001
Jawad Williams
86.3%
2001
Mo Williams
84.5%
2001
Kwame Brown
79%
1999
DerMarr Johnson
79%
1995
Kevin Garnett
79%
1995
Vince Carter
76.5%
1997
Elton Brand
75.6%
1998
Mike Miller
74.1%
1995
Paul Pierce
73.8%
2000
Taliek Brown
73.2%
2000
Andre Brown
72.9%
1996
Jerald Brown
72.9%
1997
Shane Battier
72.6%
1996
Richard Hamilton
71.3%
1995
Antawn Jamison
71.3%
1997
Lamar Odom
71%
1997
Britton Johnson
70.7%
1999
Jason Richardson
69.5%
1996
Kobe Bryant
69.5%
1996
Mateen Cleaves
69.5%
2001
T.J. Ford
68.9%
1994
Antoine Walker
68.9%
1999
Carlos Boozer
68.6%
1999
Mike Dunleavy
68.6%
1998
Quentin Richardson
68.6%
1997
Baron Davis
68.3%
2000
Travon Bryant
68%
2000
Gerald Wallace
66.8%
1997
Ron Artest
66.8%
2000
Zach Randolph
66.5%
1999
Nick Collison
66.5%
1996
Mike Bibby
66.5%
2001
Tyson Chandler
65.5%
2001
Eddy Curry
65.5%
1998
Danny Miller
65.5%
1996
Tim Thomas
65.5%
1994
Zendon Hamilton
65.5%
1996
Stephen Jackson
63.4%
2000
Alton Ford
63.1%
1998
Kris Lang
62.8%
1995
Chauncey Billups
62.8%
1996
Nate James
62.5%
2001
Aaron Miles
61.9%
2001
Anthony Richardson
61.3%
2000
Darius Miles
61.3%
1995
Randell Jackson
61.3%
1995
Stephon Marbury
61.3%
2001
David Lee
60.7%
2001
Josh Childress
59.5%
2001
Chris Thomas
59.5%
1994
Felipe Lopez
59.5%
1997
Jarron Collins
59.1%
1997
Jason Collins
59.1%
1998
Rashard Lewis
58.5%
1998
Ronald Curry
58.2%
1995
Ron Mercer
58.2%
2000
Chris Duhon
57.9%
2000
Marcus Taylor
57.6%
1998
Richard Jefferson
57.3%
year
% Correct
1998
Corey Maggette
57%
1994
Raef LaFrentz
57%
1999
Joseph Forte
56.7%
1997
Marcus Fizer
56.4%
2000
Eddie Griffin
55.8%
1999
Brett Nelson
55.8%
1994
Trajan Langdon
55.8%
2000
Jared Jeffries
55.5%
1997
Khalid El-Amin
54.6%
2001
James White
54.3%
2001
Julius Hodge
53.7%
2000
Omar Cook
53.7%
1999
Brian Cook
53.7%
1998
Tayshaun Prince
53%
2000
Luke Ridnour
52.7%
1997
Tracy McGrady
52.7%
1999
Casey Jacobsen
52.4%
1995
Albert White
52.1%
2001
Wayne Simien
51.2%
1994
Adonal Foyle
50.9%
1998
JaRon Rush
50.6%
1999
Jonathan Bender
50.3%
1995
Shareef Abdur-Rahim
50.3%
1997
Larry Hughes
50%
1999
Keith Bogans
49.7%
1998
Stromile Swift
49.7%
1996
Ed Cota
49.7%
1994
Lorenzen Wright
49.1%
1998
Jason Capel
48.8%
2001
DeSagana Diop
48.5%
2000
Darius Rice
48.2%
1997
Marcus Griffin
47.9%
1996
Michael Robinson
47.9%
1996
Loren Woods
47.9%
2001
Dajuan Wagner
47.6%
1999
Jason Gardner
47.6%
2001
Daniel Ewing
47.3%
1998
Al Harrington
47%
1998
Korleone Young
47%
2001
David Harrison
46.3%
1998
Ray Young
45.7%
1995
Ryan Robertson
45.7%
2000
DeShawn Stevenson
44.8%
1997
Tony Harris
44.8%
2000
Andre Barrett
44.2%
1999
Jason Kapono
44.2%
1995
Robert Traylor
44.2%
1994
Danny Fortson
44.2%
1994
Jelani Gardner
43.9%
1998
Eric Barkley
43.6%
1997
Chris Burgess
43.6%
1998
Ted Dupay
43.3%
1997
Brendan Haywood
41.8%
1997
Luke Recker
41.8%
2000
Mario Austin
41.5%
1998
Dan Gadzuric
40.5%
1999
Damien Wilkins
40.2%
1999
Casey Sanders
39.9%
1998
Vincent Yarbrough
39.9%
2001
Rick Rickert
39.3%
1994
Ricky Price
39.3%
year
% Correct
1996
Glendon Alexander
39%
1999
Kenny Satterfield
38.7%
1997
Melvin Ely
38.4%
1999
Donnell Harvey
37.8%
2001
Ousmane Cisse
37.5%
1996
Lester Earl
37.2%
1997
Ryan Humphrey
36.9%
1996
Shaheen Holloway
36.9%
1996
Winfred Walton
36.3%
1998
Jeff Boschee
35.7%
1998
Dane Fife
35.7%
1998
Joel Przybilla
35.1%
1995
God Shammgod
35.1%
1994
Andrae Patterson
34.5%
1995
Wayne Turner
34.1%
1995
B.J. McKie
33.2%
1994
Kareem Reid
33.2%
1994
Jerod Ward
33.2%
1997
Kenny Gregory
32.9%
1999
LaVell Blanchard
32.6%
2001
Cedric Bozeman
32.3%
2001
Kelvin Torbert
32%
1999
Marvin Stone
31.7%
2000
Brian Boddicker
30.8%
1997
Dion Glover
30.8%
1996
Ronnie Fields
30.8%
1995
Louis Bullock
30.8%
1995
Kris Clack
30.8%
1994
Steve Wojciechowski
30.5%
1995
Taymon Domzalski
30.2%
1994
Neil Reed
30.2%
1994
Curtis Staples
29.9%
1997
Eric Chenowith
29.6%
2001
Rashaad Carruth
29%
1996
Corey Benjamin
29%
1996
Jason Collier
28.4%
1999
Majestic Mapp
28%
2000
Neil Fingleton
27.7%
2000
Jerome Harper
27.4%
1995
Derek Hood
26.8%
1996
Vassil Evtimov
26.5%
1994
omm’A Givens
26.2%
2000
Rolando Howell
25.3%
2000
Scooter Sherrill
25%
1998
Kevin Lyde
25%
1995
Jelani McCoy
25%
1994
Chris Herren
24.4%
1997
Mark Karcher
23.5%
1995
Sam Okey
22.6%
1997
Anthony Perry
22%
2001
Carlos Hurt
21%
1994
Corey Louis
21%
2000
Garner Meads
20.4%
1995
Luther Clay
19.2%
2000
Scott Hazelton
15.5%
1996
Chris Hathaway
15.5%
1994
LaMarr Greer
14%
1996
Willie Dersch
13.1%
1994
Willie Mitchell
13.1%
1994
Norman Nolan
10.4%
1996
Jermaine O’Neal
3%
Quiz Playlist
Details
Report
Send in Message
Add To Playlist
More Info:
School is not always the college where they initially committed or started their careers but the last place they transferred to.
Classic:
Type in answers that appear in a list
Last Updated: Feb 16, 2017
Quiz Scoreboard
CHALLENGE
Sign Up to Join the Scoreboard
Show All
Scores
Hide
Comments
May contain spoilers
Recently Published
Billboard Blitz: Fleetwood Mac
by CooCooCachoo
Music
15s
Presidents Visiting Landmarks
by Hejman
History
7m
An Introduction to Baseball
by treessimontrees
Sports
5m
More to Explore
Quiz From the Vault
Featured Blog Post
Where Did the Easter Bunny Come From?
hide this ad
You Might Also Like...
Tags
1994
2001
All-American
Ended
mcdonald
Today's Top Quizzes in Sports
Browse Sports
hide this ad
Today's Top Quizzes in All-American
Browse All-American
Top Contributed Quizzes in Sports
1
Les meilleurs buteurs des matchs entre le PSG et l’OM
2
2022 World Cup Stars
3
FIFA Club World Cup Champions
4
Les entraîneurs de l'OM et du PSG au 21e siècle
5
Criteria MLB: Left Handed Sluggers
6
Name the Premier League winners with different clubs
7
5-to-1: UK Sports Teams
8
AFC Teams Reveal (Wrong Answers Minefield)
9
Players with Multiple 50 Home Run Seasons
10
5-to-1: FBS Animal Nicknames
Explore More
Trending Topics
Marvel
Harry Potter
NBA
Kpop
Anime
Crossword
Disney
Soccer
WWE
Country
Song
Puzzle
Pokémon
The Office
NFL
hide this ad
More By:
shiftyeyedog
Quiz
Plays
Rating
Category
Featured
Created
Illinois basketball players during 2000s
885
5.00
Sports
Feb 13, 2010
McDonald's All-Americans 2002-2009
842
5.00
Sports
Mar 29, 2010
McDonald's All-Americans 1994-2001
328
5.00
Sports
Mar 29, 2010
20 ppg scorers in a season
185
4.75
Sports
Jun 4, 2011
Foreign-born NBA lottery picks
106
2.00
Sports
May 9, 2010
Go to Creator's Profile
Score Distribution
Quiz Creator Spotlight
shiftyeyedog
Follow
Send a Message
Quizzes Created
-
Created Quiz Play Count
-
More By This Creator
Popular Quizzes Today
1
Find the US States - No Outlines Minefield
2
Find the Countries of Europe - No Outlines Minefield
3
The Countries of the World
4
Find the US States
5
US States
6
Popular People in 1961
7
Risky Map Clicking: Biggest States A-Z
8
Movies - When Are They Set?
More Sports Quizzes
Who's That Footballer IV - England's Lower Leagues
Quiz Lab
Trending Quizzes
Risky Map Clicking: Least Populous States A-Z
1-10 Letter G Words
1-10 Letter F Words
Risky Map Clicking: Next State Alphabetically
Risky Map Clicking: Biggest States A-Z
Recently Updated
Leaping Animals
pecheneg
Reality TV Shows (A-Z)
bhenderson79
Rickey Henderson's Hall of Fame Teammates
pecheneg
Champions League XIs: Arsenal
pecheneg
Quick Pick: Celebrities in WWE's Hall of Fame
aduchscher
A-Z Keypad Blitz II
pecheneg
Multiple Oscar Actors
pecheneg
Mystery Phrase Blitz: Oscar 'Best Actors'
pecheneg
F. Scott Fitzgerald Novels
LTH
Pick 3 Villains
ddd62291
Trending Topics
Anime
Marvel
Disney
Crossword
Harry Potter
NBA
Kpop
The Office
WWE
Pokémon
Soccer
Country
NFL
Puzzle
Song
Your Account Isn't Verified!
In order to create a playlist on Sporcle, you need to verify the email address you used during registration. Go to your
Sporcle Settings
to finish the process.
Report this User
Report this user for behavior that violates our
Community Guidelines
.
Details:
Send Report
Go to the Sporcle.com Mobile Site →
Comments